[Event "LSS No Engine Cup Gr04 prel 01 email"]
[Site "LSS email"]
[Date "2009.08.04"]
[Round "?"]
[White "Andreani, Armando"]
[Black "Secondi, Alberto"]
[Result "1-0"]
[WhiteElo "939"]
[BlackElo "1396"]
[PlyCount "53"]
[EventDate "2009.08.05"]
[EventType "tourn (corr)"]
[EventRounds "6"]
[EventCountry "GER"]
[SourceTitle "Telechess CBM 135"]
[Source "ChessBase"]
[SourceDate "2010.03.17"]
[SourceVersion "1"]
[SourceVersionDate "2010.03.17"]
[SourceQuality "1"]

1. b3 c5 2. e4 d6 3. Nc3 Nc6 4. Nf3 Nf6 5. h3 e5 6. Bc4 Qc7 7. Ng5 Be6 8. Nxe6 fxe6 9. Bxe6 Be7 10. 0-0 Nd4 11. Nd5 Nxd5 12. Bxd5 Rc8 13. c3 Nc6 14. a3 b5 15. b4 c4 16. a4 a6 17. d3 cxd3 18. Qxd3 Rf8 19. axb5 axb5 20. Qxb5 h6 21. Ra6 Kd7 22. Rxc6 Qxc6 23. Bxc6+ Rxc6 24. Rd1 Bd8 25. Qxe5 Bc7 26. Qxg7+ Ke8 27. Bxh6 1-0

[Event "LSS No Engine Cup 04 Preliminary 1"]
[Site "LSS email"]
[Date "2009.08.04"]
[Round "?"]
[White "Marez, Sebastien"]
[Black "Andreani, Armando"]
[Result "1-0"]
[WhiteElo "2335"]
[BlackElo "1008"]
[PlyCount "31"]
[EventDate "2009.08.05"]
[EventType "tourn (corr)"]
[EventRounds "6"]
[EventCountry "GER"]
[SourceTitle "Corr 2013"]
[Source "ChessBase"]
[SourceDate "2012.11.12"]
[SourceVersion "1"]
[SourceVersionDate "2012.11.12"]
[SourceQuality "1"]

1. e4 Nc6 2. d4 d5 3. Nc3 Nf6 4. e5 Ne4 5. Nxe4 dxe4 6. c3 Bf5 7. Ne2 Qd7 8. Ng3 Bg6 9. Bb5 a6 10. Ba4 0-0-0 11. 0-0 f5 12. b4 Be8 13. b5 axb5 14. Bxb5 h6 15. Qa4 e6 16. Qa8+ 1-0

[Event "LSS RN-2009-0-00221"]
[Site "LSS email"]
[Date "2009.07.19"]
[Round "?"]
[White "Andreani, Armando"]
[Black "Hughes, Peter James"]
[Result "1-0"]
[WhiteElo "731"]
[BlackElo "709"]
[PlyCount "35"]
[EventDate "2009.06.15"]
[EventType "tourn (corr)"]
[EventRounds "6"]
[EventCountry "GER"]
[SourceTitle "Corr 2011"]
[Source "ChessBase"]
[SourceDate "2010.08.31"]
[SourceVersion "1"]
[SourceVersionDate "2010.08.31"]
[SourceQuality "1"]

1. b3 d5 2. Bb2 Nc6 3. e3 a6 4. Nc3 e5 5. h3 Nf6 6. g4 h6 7. Qe2 Bb4 8. 0-0-0 Be6 9. f4 0-0 10. g5 d4 11. exd4 exd4 12. gxf6 dxc3 13. dxc3 Qxf6 14. cxb4 Qxf4+ 15. Qd2 Qh4 16. Nf3 Qxb4 17. Bc3 Qe7 18. Rg1 1-0

[Event "LSS RN-2009-0-00221"]
[Site "LSS email"]
[Date "2009.07.19"]
[Round "?"]
[White "Andreani, Armando"]
[Black "Vontina, Maria"]
[Result "1-0"]
[WhiteElo "731"]
[BlackElo "650"]
[PlyCount "51"]
[EventDate "2009.06.15"]
[EventType "tourn (corr)"]
[EventRounds "6"]
[EventCountry "GER"]
[SourceTitle "Corr 2011"]
[Source "ChessBase"]
[SourceDate "2010.08.31"]
[SourceVersion "1"]
[SourceVersionDate "2010.08.31"]
[SourceQuality "1"]

1. b3 Nf6 2. Bb2 e6 3. e3 Be7 4. Nc3 0-0 5. Qe2 b6 6. 0-0-0 Bb7 7. Nf3 Nc6 8. Kb1 d5 9. d4 Na5 10. g4 c5 11. g5 Nd7 12. h4 cxd4 13. exd4 Rc8 14. Ne5 Nxe5 15. dxe5 Bb4 16. Nb5 a6 17. Nd6 Bxd6 18. exd6 Qxd6 19. Qh5 Nc6 20. Bxg7 Kxg7 21. Qh6+ Kg8 22. Bd3 f5 23. gxf6 Rf7 24. Rhg1+ Kh8 25. Rg7 Rxg7 26. Qxg7# 1-0

[Event "LSS RN-2009-0-00221"]
[Site "LSS email"]
[Date "2009.07.19"]
[Round "?"]
[White "Sinygovsky, Vladimir"]
[Black "Andreani, Armando"]
[Result "1-0"]
[WhiteElo "930"]
[BlackElo "731"]
[PlyCount "37"]
[EventDate "2009.06.15"]
[EventType "tourn (corr)"]
[EventRounds "6"]
[EventCountry "GER"]
[SourceTitle "Corr 2011"]
[Source "ChessBase"]
[SourceDate "2010.08.31"]
[SourceVersion "1"]
[SourceVersionDate "2010.08.31"]
[SourceQuality "1"]

1. a3 c5 2. e4 Nc6 3. Nc3 e6 4. Bc4 Nf6 5. Nf3 a6 6. d4 b5 7. d5 Na5 8. Bd3 exd5 9. e5 Qe7 10. 0-0 Ng4 11. Nxd5 Qd8 12. Bg5 f6 13. exf6 gxf6 14. Re1+ Be7 15. Rxe7+ Qxe7 16. Nxe7 Kxe7 17. Qe2+ Kd8 18. Ne5 Re8 19. Nf7+ 1-0

[Event "LSS OP-2009-0-00880"]
[Site "LSS email"]
[Date "2009.06.20"]
[Round "?"]
[White "Andreani, Armando"]
[Black "Allwardt, David Lawrence"]
[Result "1-0"]
[WhiteElo "731"]
[BlackElo "833"]
[PlyCount "47"]
[EventDate "2009.06.13"]
[EventType "tourn (corr)"]
[EventRounds "4"]
[EventCountry "GER"]
[SourceTitle "Corr 2011"]
[Source "ChessBase"]
[SourceDate "2010.08.31"]
[SourceVersion "1"]
[SourceVersionDate "2010.08.31"]
[SourceQuality "1"]

1. e4 c5 2. Nf3 d6 3. g3 e5 4. Bg2 Nf6 5. d3 Nc6 6. 0-0 Be7 7. Nc3 d5 8. exd5 Nxd5 9. Nxe5 Nxe5 10. Nxd5 Bd6 11. f4 Ng4 12. Re1+ Kf8 13. h3 Nf6 14. Ne3 h6 15. Nc4 g6 16. Nxd6 Qxd6 17. Be3 Kg7 18. d4 c4 19. d5 Re8 20. Qd4 Bd7 21. g4 Rad8 22. g5 b6 23. Qxf6+ Qxf6 24. gxf6+ 1-0

[Event "LSS OP-2009-0-00880"]
[Site "LSS email"]
[Date "2009.06.20"]
[Round "?"]
[White "Ciklabakkal, Metin"]
[Black "Andreani, Armando"]
[Result "0-1"]
[WhiteElo "1004"]
[BlackElo "731"]
[PlyCount "36"]
[EventDate "2009.06.13"]
[EventType "tourn (corr)"]
[EventRounds "4"]
[EventCountry "GER"]
[SourceTitle "Corr 2011"]
[Source "ChessBase"]
[SourceDate "2010.08.31"]
[SourceVersion "1"]
[SourceVersionDate "2010.08.31"]
[SourceQuality "1"]

1. e4 Nc6 2. Nf3 e5 3. Bc4 Nf6 4. 0-0 Nxe4 5. Re1 Nf6 6. Nxe5 Nxe5 7. Rxe5+ Be7 8. Nc3 c6 9. d4 d5 10. Bd3 0-0 11. Ne2 Bd6 12. Rg5 h6 13. Rxg7+ Kxg7 14. Ng3 Re8 15. Bf5 Bxg3 16. fxg3 Bxf5 17. Bf4 Qb6 18. b3 Bxc2 0-1

[Event "LSS ZN-2009-0-00629"]
[Site "LSS email"]
[Date "2009.06.01"]
[Round "?"]
[White "Andreani, Armando"]
[Black "Lanier, Jeff"]
[Result "0-1"]
[WhiteElo "800"]
[BlackElo "730"]
[PlyCount "80"]
[EventDate "2009.05.29"]
[EventType "match (corr)"]
[EventRounds "2"]
[EventCountry "GER"]
[SourceTitle "Corr 2011"]
[Source "ChessBase"]
[SourceDate "2010.08.31"]
[SourceVersion "1"]
[SourceVersionDate "2010.08.31"]
[SourceQuality "1"]

1. b3 e5 2. Bb2 Nc6 3. e3 a6 4. h4 Nf6 5. f3 Bc5 6. g4 h6 7. Qe2 d6 8. Nc3 Be6 9. f4 Bxg4 10. Nf3 Qe7 11. fxe5 Nxe5 12. Bg2 Nxf3+ 13. Bxf3 Bxf3 14. Qxf3 0-0-0 15. Nd5 Nxd5 16. Qxd5 c6 17. Qg2 f6 18. 0-0-0 Kb8 19. Kb1 d5 20. Rde1 Rhe8 21. Rhg1 g5 22. h5 Rd6 23. Qh2 Kc8 24. Rgf1 Re6 25. Bxf6 Rxf6 26. Qe2 Rxf1 27. Qxf1 Rf8 28. Qh3+ Kc7 29. Rg1 Ba3 30. Qh2+ Kc8 31. Qh3+ Kb8 32. Re1 Qe5 33. d4 Qf5 34. Qh2+ Ka7 35. Qc7 Bb4 36. Rg1 Bc3 37. Qg3 Qf1+ 38. Qe1 Qxe1+ 39. Rxe1 Bxe1 40. Kb2 Rf3 0-1

[Event "LSS OP-2009-0-00863"]
[Site "LSS email"]
[Date "2009.06.01"]
[Round "?"]
[White "Urbaniak, Marcin"]
[Black "Andreani, Armando"]
[Result "1-0"]
[WhiteElo "1459"]
[BlackElo "939"]
[PlyCount "87"]
[EventDate "2009.05.26"]
[EventType "tourn (corr)"]
[EventRounds "4"]
[EventCountry "GER"]
[SourceTitle "Telechess CBM 137"]
[Source "ChessBase"]
[SourceDate "2010.07.15"]
[SourceVersion "1"]
[SourceVersionDate "2010.07.15"]
[SourceQuality "1"]

1. e4 e5 2. Nf3 Nc6 3. Bb5 Nf6 4. 0-0 Nxe4 5. d4 Nxd4 6. Nxd4 Qf6 7. Qe2 Bc5 8. Nf3 a6 9. Qxe4 axb5 10. Nc3 c6 11. Bg5 Qe6 12. Qxe5 Qxe5 13. Nxe5 f6 14. Nd3 b4 15. Ne4 Be7 16. Bf4 d5 17. Nd6+ Bxd6 18. Bxd6 Bf5 19. Rfe1+ Kd7 20. Bxb4 Rhe8 21. a3 Rxe1+ 22. Rxe1 b6 23. Re7+ Kc8 24. Bd6 c5 25. Rc7+ Kd8 26. Rxg7 Rc8 27. Rg8+ Kd7 28. Rxc8 Kxc8 29. Ne1 Kd7 30. Bg3 Ke6 31. f4 d4 32. Kf2 Be4 33. Ke2 Kf5 34. b4 Ke6 35. bxc5 bxc5 36. a4 f5 37. a5 Kd5 38. Kd2 Kc4 39. Bh4 Kb5 40. Bd8 Kc6 41. c4 dxc3+ 42. Kxc3 Bd5 43. g3 Kb5 44. Nd3 1-0

[Event "LSS ZN-2009-0-00628"]
[Site "LSS email"]
[Date "2009.05.31"]
[Round "?"]
[White "Sinygovsky, Vladimir"]
[Black "Andreani, Armando"]
[Result "0-1"]
[WhiteElo "800"]
[BlackElo "800"]
[PlyCount "74"]
[EventDate "2009.05.28"]
[EventType "match (corr)"]
[EventRounds "2"]
[EventCountry "GER"]
[SourceTitle "Corr 2011"]
[Source "ChessBase"]
[SourceDate "2010.08.31"]
[SourceVersion "1"]
[SourceVersionDate "2010.08.31"]
[SourceQuality "1"]

1. a3 c5 2. e4 Nc6 3. Nc3 Nf6 4. Nf3 d6 5. Bb5 Bd7 6. 0-0 a6 7. Bc4 Nd4 8. d3 Bg4 9. Be3 Nxf3+ 10. gxf3 Bh3 11. Re1 e6 12. Kh1 Nh5 13. Rg1 Qf6 14. Bg5 Qe5 15. f4 Nxf4 16. Qf3 Bg2+ 17. Rxg2 Nxg2 18. Qxg2 d5 19. exd5 exd5 20. Re1 Qxe1+ 21. Qg1 Qxg1+ 22. Kxg1 dxc4 23. Nd5 cxd3 24. Nc7+ Kd7 25. Nxa8 dxc2 26. Nb6+ Kc6 27. Nc4 Bd6 28. a4 Re8 29. Na5+ Kd5 30. Kf1 c4 31. b3 c3 32. Nc4 b5 33. Ne3+ Rxe3 34. Bxe3 Ba3 35. axb5 axb5 36. Ke2 c1Q 37. Bxc1 Bxc1 0-1